[Event "Reunion op 07th"]
[Site "Reunion"]
[Date "2004.10.13"]
[Round "5"]
[White "Techer, Laurie"]
[Black "Bourhim, Sarah"]
[Result "0-1"]
[WhiteElo "1199"]
[BlackElo "1199"]
[PlyCount "40"]
[EventDate "2004.10.09"]
[EventType "swiss"]
[EventRounds "9"]
[EventCountry "RUF"]
[SourceTitle "CBM 102 Extra"]
[Source "ChessBase"]
[SourceDate "2004.11.03"]
[SourceVersion "1"]
[SourceVersionDate "2004.11.03"]
[SourceQuality "1"]

1. e4 e5 2. Nf3 Nc6 3. Nc3 Nf6 4. Bc4 Bc5 5. 0-0 0-0 6. d3 d6 7. Bg5 h6 8. Bh4 Re8 9. a3 Be6 10. b4 Bd4 11. Nxd4 Nxd4 12. Bb5 Nxb5 13. Nxb5 a6 14. Nc3 c6 15. Bxf6 Qxf6 16. g3 d5 17. f4 exf4 18. gxf4 Qxc3 19. f5 Qd4+ 20. Rf2 Bd7 0-1

[Event "Reunion op 07th"]
[Site "Reunion"]
[Date "2004.10.09"]
[Round "1"]
[White "Han Yee Yu, Murielle"]
[Black "Techer, Laurie"]
[Result "1-0"]
[WhiteElo "1770"]
[BlackElo "1199"]
[PlyCount "51"]
[EventDate "2004.10.09"]
[EventType "swiss"]
[EventRounds "9"]
[EventCountry "RUF"]
[SourceTitle "CBM 102 Extra"]
[Source "ChessBase"]
[SourceDate "2004.11.03"]
[SourceVersion "1"]
[SourceVersionDate "2004.11.03"]
[SourceQuality "1"]

1. d4 d5 2. c4 c6 3. Nc3 Nf6 4. Nf3 Bf5 5. Bg5 c5 6. Bxf6 gxf6 7. cxd5 Bh6 8. dxc5 e6 9. d6 Nd7 10. b4 Rg8 11. g3 Rc8 12. Nd4 Bg4 13. Bg2 Rb8 14. c6 e5 15. c7 Qc8 16. cxb8Q Qxb8 17. Ndb5 Kf8 18. 0-0 Qc8 19. Nc7 Nb8 20. N3d5 Qd7 21. Nxf6 Qe6 22. Nxg8 Kxg8 23. Qd5 Qxd5 24. Bxd5 Bh3 25. Bg2 Bxg2 26. Kxg2 1-0